|
|
|
|
| LEADER |
00000nab a2200000 a 4500 |
| 001 |
vtls010601820 |
| 003 |
SK-MaSNL |
| 005 |
20260318115022.0 |
| 008 |
171110c1990 xo kr 000 c0ukr |
| 015 |
|
|
|a SNBRA2014/06
|
| 038 |
|
|
|a SVKPOCL
|
| 040 |
|
|
|a SVKPOCL
|b slo
|c SVKPOCL
|e AACR2
|
| 041 |
0 |
|
|a ukr
|
| 044 |
|
|
|a xo
|c SK
|
| 080 |
|
|
|a 80(=16)+908(4)
|2 2001
|
| 080 |
|
|
|a 80(=161.2)+908(477)
|2 2001
|
| 080 |
|
|
|a 82.0-051
|2 2001
|
| 080 |
|
|
|a 378.011.3-051
|2 2001
|
| 080 |
|
|
|a 82-92-051
|2 2001
|
| 080 |
|
|
|a 929 Roman, Michal
|2 2001
|
| 100 |
1 |
|
|a Kundrát, Juraj,
|d 1935-2018
|4 aut
|9 174295
|
| 245 |
1 |
0 |
|a Žyttja, viddane blahorodnij spravi
|b (do 60-riččja z dnja narodžennja M. Romana)
|c Jurij Kundrat
|
| 300 |
|
|
|b Fotogr.
|
| 600 |
1 |
7 |
|a Roman, Michal,
|d 1930-
|2 svkpocl
|9 90937
|
| 650 |
0 |
7 |
|a osobnosti
|2 snkbucl
|9 29820
|
| 650 |
0 |
7 |
|a literárni vedci
|2 svkpocl
|9 220855
|
| 650 |
0 |
7 |
|a vysokoškolskí učitelia
|2 svkpocl
|9 66590
|
| 650 |
0 |
7 |
|a publicisti
|2 svkpocl
|9 63929
|
| 650 |
0 |
7 |
|a slavistika
|2 svkpocl
|9 4282
|
| 650 |
0 |
7 |
|a ukrajinistika
|2 svkpocl
|9 51200
|
| 650 |
0 |
7 |
|a osobnosti
|2 svkpocl
|9 29820
|
| 650 |
0 |
7 |
|a rodisko
|2 SNKPH
|9 172657
|
| 651 |
|
7 |
|a Kobylnice (Slovensko)
|2 svkpocl
|9 36239
|
| 651 |
|
7 |
|a Svidník (Slovensko : okres)
|2 svkpocl
|9 28651
|
| 651 |
|
7 |
|a Prešov (Slovensko)
|2 svkpocl
|9 17347
|
| 655 |
|
7 |
|a biografie
|2 svkpocl
|9 27965
|
| 773 |
0 |
|
|a Begeni, Peter, 1944- [ed.]
|t Narodnyj kalendar 1990
|d Bratislava : Slovac'ke pedahohične vydavnyctvo ; Prjašiv : Viddil ukrajins'koji literatury ; Užhorod : Karpaty, 1989
|g S. 210-211
|z 800800133X
|
| 852 |
|
|
|a SVKPO
|b KIS3GCP
|
| 958 |
|
|
|a UK
|
| 958 |
|
|
|a SK
|
| 958 |
|
|
|a LX
|
| 958 |
|
|
|a BX
|
| 958 |
|
|
|a SS
|
| 999 |
|
|
|c 3336622
|d 3338552
|